| 000 | 01493nam a2200337 i 4500 | ||
|---|---|---|---|
| 003 | EG-GICUC | ||
| 005 | 20260503111253.0 | ||
| 008 | 260503s1995 ua ||||fr|||| 000 0 ara d | ||
| 017 | _a1995/1905 | ||
| 020 | _a977-03-9769-5 | ||
| 040 |
_a EG-GICUC _bara _c EG-GICUC _d EG-GICUC _erda |
||
| 041 | 0 | _aara | |
| 082 | 0 | 4 |
_221 _a345.06207 _bم ع . د |
| 092 | 0 | 4 | _221 |
| 099 | _aLaw1 07 345.06207 م ع . د 1995 | ||
| 100 | 0 |
_aمعوض عبدالتواب _eمؤلف. |
|
| 245 | 1 | 2 |
_aالدفوع الإدارية : _bدراسة وافية لكافة الدفوع أمام القضاء الاداري الشكلية والموضوعية والدفوع بعدم القبول في ضوء آراء الفقه وأحكام القضاء الاداري والمدنى حتى عام 1995 وأحكام المحكمة الدستورية / _cمعوض عبدالتواب. |
| 250 | _aالطبعة الثانية. | ||
| 264 | 1 |
_aالاسكندرية : _bمنشأة المعارف، _c1995. |
|
| 300 |
_a799 صفحة، صفحات غير مرقمة ؛ _c24 سم. |
||
| 336 |
_2rda content _atext |
||
| 337 |
_2rda media _aComputer |
||
| 338 |
_2rda carrier _aOnline Resource |
||
| 504 | _aيشتمل على إرجاعات ببليوجرافية | ||
| 546 | _aالنص باللغة العربية | ||
| 650 | 1 | 4 |
_aالقانون الإداري - النقض _2qrmak |
| 651 | 1 | _2qrmak | |
| 856 | 4 | 0 | _uhttps://fll.law.cu.edu.eg/fulltext/bks/B07-04307.pdf |
| 905 | _a62 | ||
| 942 |
_2ddc _cBK _e21 _n0 |
||
| 999 |
_c75102 _d75102 |
||